000
00286nam a22001337a 4500
020
_a
978-8131808146
041
_a
ENG
100
_a
Bansal .R.K
245
_a
A Text Book Of Strength Of Materials
260
_a
Delhi
_b
Laxmi Pub
_c
1995
300
_a
31076
650
_a
FS
856
_u
FS
999
_c
825
_d
825